00629nam a22002417a 4500003000500000005001700005008004100022010001000063011001000073035001000083040000900093082002000102100001800122245007100140250001000211260003000221300001900251490002800270650001600298650001600314650002900330830002800359CHAP20220329135002.0971013s1962 r 00010 d a29093 a30065 a34177 cCHAP a620.1bM25 196200aMcLean, W. G. aTheory and problems of engineering mechanics, statics and dynamics a2 ed. aNew York :bSchaum,c1962 a355 p.b: ilus aSchaum's outline series14aDinámica.14aEstática.14aIngeniería mecánica.0 aSchaum's outline series